[Event "DEM U12/U12w 2000"]
[Site "Überlingen GER"]
[Date "2000.06.07"]
[Round "6"]
[White "Ollenberger, Roland"]
[Black "Hummel, Helmut"]
[Result "1-0"]
[Termination "normal"]
[Board "23"]
[WhiteElo "1457"]
[BlackElo "682"]
[PlyCount "89"]
[WhiteFideId "24608440"]
[EventCountry "GER"]
[EventRounds "11"]
[EventType "swiss"]
[EventDate "2000.06.03"]

1. e4 e5 2. Nf3 Nc6 3. Bb5 d6 4. d4 Bd7 5. O-O Nxd4 6. Bxd7+ Qxd7 7. Nxd4 exd4
8. Qxd4 Nf6 9. Nc3 Be7 10. Bf4 O-O 11. Rad1 Qe6 12. Rfe1 Nd7 13. e5 Nxe5 14.
Bxe5 dxe5 15. Rxe5 Bf6 16. Rxe6 Bxd4 17. Re7 Bb6 18. Nb5 Rfd8 19. Rde1 Rac8 20.
Nc3 Bc5 21. R7e4 Kf8 22. g3 Rd2 23. R1e2 Rcd8 24. Kg2 f5 25. Re5 Rxe2 26. Nxe2
Be7 27. Rxf5+ Bf6 28. Rc5 Rd2 29. Nf4 c6 30. b3 Kf7 31. Rc4 Ke7 32. Re4+ Kd7
33. Re2 Rd6 34. Nd3 b6 35. Re4 Re6 36. Rxe6 Kxe6 37. c4 a5 38. Kf3 g5 39. Ke4
h6 40. f4 b5 41. cxb5 cxb5 42. Nc5+ Kf7 43. f5 g4 44. Nd7 Bd8 45. Ne5+ 1-0

[Event "DEM U12/U12w 2000"]
[Site "Überlingen GER"]
[Date "2000.06.07"]
[Round "6"]
[White "Kulakov, Yurij"]
[Black "Muelenz, Claudius"]
[Result "1-0"]
[Termination "normal"]
[Board "25"]
[WhiteElo "1338"]
[BlackElo "1015"]
[PlyCount "70"]
[EventCountry "GER"]
[EventRounds "11"]
[EventType "swiss"]
[EventDate "2000.06.03"]

1. e4 c5 2. Nf3 e6 3. Nc3 a6 4. Be2 Be7 5. d4 cxd4 6. Nxd4 Nc6 7. Be3 Qc7 8.
Qd2 Nf6 9. O-O-O O-O 10. f3 b5 11. g4 b4 12. Nb1 d5 13. Nxc6 Qxc6 14. e5 Nd7
15. Bf4 Qa4 16. h4 Qxa2 17. h5 Nc5 18. Bd3 Bb7 19. g5 d4 20. Rh3 Na4 21. Qg2
Qxb2+ 22. Kd2 b3 23. g6 Bb4+ 24. Ke2 Nc3+ 25. Nxc3 Bxc3 26. gxh7+ Kh8 27. h6 g6
28. Rg3 Kxh7 29. Rxg6 Qxc2+ 30. Bxc2 bxc2 31. Rg7+ Kh8 32. Rc1 Rg8 33. Rxg8+
Rxg8 34. Qh3 Kh7 35. Rxc2 Bd5 1-0

[Event "DEM U12/U12w 2000"]
[Site "Überlingen GER"]
[Date "2000.06.07"]
[Round "6"]
[White "Biller, Eugen"]
[Black "Klaiber, Markus"]
[Result "1-0"]
[Termination "normal"]
[Board "26"]
[WhiteElo "1273"]
[BlackElo "1078"]
[PlyCount "85"]
[EventCountry "GER"]
[EventRounds "11"]
[EventType "swiss"]
[EventDate "2000.06.03"]

1. e4 e5 2. Nf3 Nf6 3. Nxe5 Qe7 4. Nf3 Nxe4 5. Qe2 Nf6 6. Qxe7+ Bxe7 7. Bc4 d5
8. Bb3 Bg4 9. Ne5 Nbd7 10. Nxg4 Nxg4 11. Bxd5 c6 12. Bb3 Bd6 13. h3 Ngf6 14.
O-O O-O 15. d3 Be5 16. c3 Nb6 17. d4 Bd6 18. Bg5 Ne4 19. Be3 Nd5 20. Re1 Rae8
21. Bxd5 cxd5 22. Nd2 b5 23. a3 Re6 24. Nxe4 Rxe4 25. Bd2 Rfe8 26. Rxe4 Rxe4
27. Kf1 a5 28. Re1 f5 29. g3 Kf7 30. Kg2 Kf6 31. Kf3 g5 32. Kg2 f4 33. Kf3 Rxe1
34. Bxe1 h5 35. gxf4 Bxf4 36. b3 h4 37. Ke2 Ke6 38. Kd3 Kd6 39. c4 b4 40. c5+
Kc6 41. axb4 axb4 42. Ke2 Kd7 43. Kf3 1-0

[Event "DEM U12/U12w 2000"]
[Site "Überlingen GER"]
[Date "2000.06.07"]
[Round "6"]
[White "Nolting, Christoph"]
[Black "Müller, Christian"]
[Result "1-0"]
[Termination "normal"]
[Board "27"]
[WhiteElo "1251"]
[BlackElo "914"]
[PlyCount "87"]
[EventCountry "GER"]
[EventRounds "11"]
[EventType "swiss"]
[EventDate "2000.06.03"]

1. Nf3 d5 2. d4 Nf6 3. Bf4 e6 4. e3 Nbd7 5. Nc3 c6 6. Ne5 Be7 7. Bd3 O-O 8. Qf3
Re8 9. h4 Qb6 10. Rb1 Bb4 11. O-O Nxe5 12. dxe5 Nd7 13. Qg3 f6 14. Bh6 Bf8 15.
exf6 Nxf6 16. Bg5 Be7 17. e4 Qd4 18. Ne2 Qb6 19. Bh6 Bf8 20. e5 Nd7 21. Be3 Qc7
22. f4 Nc5 23. Bxc5 Bxc5+ 24. Kh2 Rf8 25. Rf3 Qb6 26. Qg5 Bd7 27. Rg3 Rf7 28.
Qh6 g5 29. Rxg5+ Kh8 30. Qh5 Be8 31. Qh6 Rc8 32. Qxe6 Qc7 33. Qg4 Bd7 34. e6
Bxe6 35. Qxe6 Re7 36. Qf6+ Rg7 37. Rh5 Kg8 38. Qe6+ Kh8 39. Qf6 Rf8 40. Rxh7+
Kg8 41. Qxg7+ Qxg7 42. Rxg7+ Kxg7 43. Rf1 Rh8 44. g3 1-0

[Event "DEM U12/U12w 2000"]
[Site "Überlingen GER"]
[Date "2000.06.07"]
[Round "6"]
[White "Stemmler, Lysan"]
[Black "Andok, Claus Michael"]
[Result "0-1"]
[Termination "normal"]
[Board "28"]
[WhiteElo "447"]
[BlackElo "1217"]
[PlyCount "130"]
[WhiteFideId "24622451"]
[BlackFideId "24602000"]
[EventCountry "GER"]
[EventRounds "11"]
[EventType "swiss"]
[EventDate "2000.06.03"]

1. f4 d6 2. Nf3 Nf6 3. g3 g6 4. Bg2 Bg7 5. d3 Nbd7 6. e4 c6 7. Nc3 O-O 8. h3 e5
9. fxe5 dxe5 10. Be3 Nh5 11. g4 Nf4 12. Qd2 Nxg2+ 13. Qxg2 Nf6 14. O-O-O Qc7
15. Qd2 Rd8 16. Bh6 Bf8 17. Rdf1 Be6 18. Qe3 b5 19. Ne2 a5 20. Ng3 b4 21. b3 a4
22. g5 Nd7 23. h4 axb3 24. axb3 Bg7 25. Bxg7 Kxg7 26. Kd2 Ra2 27. Kd1 Rda8 28.
h5 Ra1+ 29. Kd2 Rxf1 30. Rxf1 Ra2 31. Kd1 Ra1+ 32. Ke2 Rxf1 33. Kxf1 Qa5 34.
hxg6 fxg6 35. Qc1 Bh3+ 36. Ke1 Bg4 37. Nd2 Qc5 38. Ngf1 Nf8 39. Nc4 Qd4 40.
Nfe3 Ne6 41. Nxg4 Qg1+ 42. Kd2 Qxg4 43. Nxe5 Qxg5+ 44. Kd1 Qxe5 45. Qe3 Qa1+
46. Kd2 Qc3+ 47. Kd1 Nd4 48. Qf2 Qa1+ 49. Kd2 Qc3+ 50. Kd1 Nxb3 51. cxb3 Qxb3+
52. Kc1 Qa3+ 53. Kb1 Qxd3+ 54. Ka1 c5 55. Qxc5 Qc3+ 56. Qxc3+ bxc3 57. Kb1 Kf6
58. Kc2 Ke5 59. Kxc3 h5 60. Kd3 h4 61. Ke3 h3 62. Kf3 g5 63. Kg3 Kxe4 64. Kxh3
Kf3 65. Kh2 g4 0-1

[Event "DEM U12/U12w 2000"]
[Site "Überlingen GER"]
[Date "2000.06.07"]
[Round "6"]
[White "Lubbe, Alexander"]
[Black "Lörincz, Benjamin"]
[Result "1-0"]
[Termination "normal"]
[Board "29"]
[WhiteElo "1072"]
[BlackElo "1137"]
[PlyCount "43"]
[EventCountry "GER"]
[EventRounds "11"]
[EventType "swiss"]
[EventDate "2000.06.03"]

1. e4 d5 2. exd5 Qxd5 3. Nc3 Qa5 4. d4 Nf6 5. Bd2 c6 6. Ne4 Qf5 7. Nxf6+ Qxf6
8. Bc3 e6 9. Nf3 b6 10. Bc4 Bd6 11. Qe2 O-O 12. d5 Qe7 13. dxe6 fxe6 14. O-O-O
Bf4+ 15. Kb1 Kh8 16. Rhe1 Re8 17. Qe4 Bg5 18. Bd3 Kg8 19. Qxh7+ Kf8 20. Bg6 Qb7
21. Qh8+ Ke7 22. Qxe8# 1-0

[Event "DEM U12/U12w 2000"]
[Site "Überlingen GER"]
[Date "2000.06.07"]
[Round "6"]
[White "Rathke, Jens"]
[Black "Klink, Otto"]
[Result "1-0"]
[Termination "normal"]
[Board "30"]
[WhiteElo "1257"]
[BlackElo "882"]
[PlyCount "67"]
[EventCountry "GER"]
[EventRounds "11"]
[EventType "swiss"]
[EventDate "2000.06.03"]

1. e4 c5 2. Nf3 Nc6 3. d4 cxd4 4. Nxd4 g6 5. Nc3 Bg7 6. Nb3 Nf6 7. Bg5 h6 8.
Bh4 O-O 9. f4 d6 10. Qf3 Bg4 11. Qg3 Kh7 12. Bxf6 Bxf6 13. Qxg4 Rc8 14. O-O-O
a6 15. Kb1 h5 16. Qf3 Bg7 17. h3 b5 18. g4 hxg4 19. hxg4+ Kg8 20. Qh3 Re8 21.
Bd3 b4 22. Nd5 a5 23. Bb5 e6 24. Ne3 Qb6 25. a4 Rcd8 26. Nc4 Qc7 27. Ne3 Ra8
28. f5 Ne5 29. g5 exf5 30. exf5 Qe7 31. f6 Bxf6 32. gxf6 Qxf6 33. Qh7+ Kf8 34.
Qh8+ 1-0

[Event "DEM U12/U12w 2000"]
[Site "Überlingen GER"]
[Date "2000.06.07"]
[Round "6"]
[White "Donners, Ricardo"]
[Black "Ehrhardt, Eric"]
[Result "1-0"]
[Termination "normal"]
[Board "31"]
[WhiteElo "884"]
[BlackElo "1022"]
[PlyCount "181"]
[BlackFideId "24602450"]
[EventCountry "GER"]
[EventRounds "11"]
[EventType "swiss"]
[EventDate "2000.06.03"]

1. e4 e5 2. Nf3 Nc6 3. d4 exd4 4. Bc4 Bc5 5. Ng5 Ne5 6. Nxf7 Nxf7 7. Qh5 Qe7 8.
Bxf7+ Qxf7 9. Qxc5 Nf6 10. O-O d6 11. Qxd4 O-O 12. Nc3 Qg6 13. Qc4+ Rf7 14. Bd2
Bh3 15. g3 Bxf1 16. Rxf1 Qh5 17. Kg2 Ng4 18. h3 Ne5 19. Qd5 Qf3+ 20. Kg1 Rb8
21. Bf4 Ng6 22. Be3 b6 23. Bd4 Rbf8 24. Be3 Qf6 25. Bd4 Qe7 26. Nd1 Kh8 27. Ne3
Re8 28. f3 Ref8 29. Nf5 Qd7 30. Nh6 Re7 31. Nf5 Ref7 32. Nh6 Re7 33. Nf5 c6 34.
Qxd6 Qxd6 35. Nxd6 Rd7 36. Nf5 Kg8 37. Bc3 Rff7 38. Kg2 Ne7 39. Ne3 Kf8 40. e5
Nd5 41. Nxd5 Rxd5 42. Re1 Re7 43. f4 c5 44. Kf3 Kf7 45. Ke4 Rd8 46. Kf5 Rf8 47.
Ke4 Rd8 48. Kf5 Rd5 49. Ke4 Red7 50. f5 Kf8 51. e6 R7d6 52. Be5 Rd8 53. Bc3 Ke7
54. Bxg7 a6 55. Kf4 Rd2 56. c4 Rf2+ 57. Ke5 Rc8 58. f6+ Ke8 59. f7+ Ke7 60.
f8=Q+ Rcxf8 61. Bxf8+ Kxf8 62. Re4 Rxb2 63. Kf6 Rf2+ 64. Rf4 Rxf4+ 65. gxf4 b5
66. cxb5 axb5 67. Ke5 c4 68. Kd4 Ke7 69. f5 Kf6 70. Kc3 h6 71. a3 h5 72. h4 Ke7
73. a4 bxa4 74. Kxc4 a3 75. Kb3 Kd6 76. Kxa3 Ke7 77. Kb4 Kd6 78. Kc4 Ke7 79.
Kd5 Ke8 80. Kd6 Kf8 81. Kd7 Kg7 82. e7 Kf6 83. e8=Q Kxf5 84. Qe3 Kg4 85. Qf2
Kh3 86. Qf3+ Kxh4 87. Qf4+ Kh3 88. Ke6 h4 89. Qg5 Kh2 90. Qxh4+ Kg2 91. Qf4 1-0

[Event "DEM U12/U12w 2000"]
[Site "Überlingen GER"]
[Date "2000.06.07"]
[Round "6"]
[White "Gossmann, Anna Maria"]
[Black "Großmann, Susan"]
[Result "1/2-1/2"]
[Termination "normal"]
[Board "32"]
[WhiteElo "820"]
[BlackElo "1022"]
[PlyCount "20"]
[BlackFideId "24608220"]
[EventCountry "GER"]
[EventRounds "11"]
[EventType "swiss"]
[EventDate "2000.06.03"]

1. e4 d6 2. d4 Nf6 3. Nc3 g6 4. Nf3 c6 5. a4 a5 6. Bc4 Nbd7 7. O-O Bg7 8. Re1
Nb6 9. Bb3 O-O 10. h3 Qc7 1/2-1/2

[Event "DEM U12/U12w 2000"]
[Site "Überlingen GER"]
[Date "2000.06.07"]
[Round "6"]
[White "Dathe, Fabian"]
[Black "Backes, Marco"]
[Result "0-1"]
[Termination "normal"]
[Board "33"]
[WhiteElo "1004"]
[BlackElo "842"]
[PlyCount "110"]
[EventCountry "GER"]
[EventRounds "11"]
[EventType "swiss"]
[EventDate "2000.06.03"]

1. e4 e5 2. Nf3 Nc6 3. Nc3 Nf6 4. d4 exd4 5. Nxd4 Nxd4 6. Qxd4 b6 7. Bg5 Bc5 8.
Qd1 h6 9. Bh4 d6 10. Bd3 g5 11. Bg3 Bb7 12. a3 Qd7 13. Qd2 O-O-O 14. O-O-O Rhe8
15. f3 Nd5 16. Kb1 Nxc3+ 17. Qxc3 d5 18. exd5 Bxd5 19. Bc4 Qc6 20. Bxd5 Rxd5
21. Qg7 Bd6 22. Qxf7 Rxd1+ 23. Rxd1 Bxg3 24. hxg3 Re2 25. Qf5+ Kb7 26. Rg1 h5
27. Kc1 g4 28. fxg4 hxg4 29. Kd1 Qe4 30. Qxe4+ Rxe4 31. Re1 Rd4+ 32. Ke2 Kc6
33. Rd1 Rxd1 34. Kxd1 Kd5 35. Ke2 Ke4 36. c3 c5 37. b4 cxb4 38. axb4 a5 39.
bxa5 bxa5 40. Kd2 a4 41. Kc2 a3 42. Kb3 Kd3 43. c4 a2 44. Kxa2 Kxc4 45. Kb2 Kd3
46. Kc1 Ke2 47. Kc2 Kf2 48. Kd3 Kxg3 49. Ke3 Kxg2 50. Kf4 g3 51. Kg4 Kf2 52.
Kh4 g2 53. Kh3 g1=Q 54. Kh4 Qg6 55. Kh3 Qg3# 0-1

[Event "DEM U12/U12w 2000"]
[Site "Überlingen GER"]
[Date "2000.06.07"]
[Round "6"]
[White "Riedel, Kristina"]
[Black "Glowna, Uwe"]
[Result "1/2-1/2"]
[Termination "normal"]
[Board "34"]
[WhiteElo "765"]
[BlackElo "1001"]
[PlyCount "87"]
[WhiteFideId "24659282"]
[EventCountry "GER"]
[EventRounds "11"]
[EventType "swiss"]
[EventDate "2000.06.03"]

1. e4 e6 2. d4 d5 3. e5 c5 4. Nf3 Nc6 5. Bb5 Bd7 6. Bxc6 Bxc6 7. Be3 Qb6 8. b3
cxd4 9. Bxd4 Qc7 10. O-O Ne7 11. Nbd2 Ng6 12. c3 Be7 13. Re1 O-O 14. Qc2 Bb5
15. a4 Ba6 16. Ra2 Rac8 17. Re3 Bc5 18. Bxc5 Qxc5 19. b4 Qb6 20. b5 Bxb5 21.
axb5 Rc7 22. Nd4 Rfc8 23. Qb2 a6 24. bxa6 Qxb2 25. Rxb2 bxa6 26. g3 Ra8 27. Ra2
Nf8 28. N2b3 Nd7 29. Na5 Nc5 30. c4 dxc4 31. Nxc4 Nd7 32. Na5 Nb8 33. Kg2 Kf8
34. Rd3 Ke7 35. Ndb3 Nc6 36. Nxc6+ Rxc6 37. Kf3 f5 38. exf6+ Kxf6 39. Kf4 h5
40. h4 e5+ 41. Ke4 Ke6 42. Na5 Rb6 43. Nc4 Rb4 44. Rc3 1/2-1/2

[Event "DEM U12/U12w 2000"]
[Site "Überlingen GER"]
[Date "2000.06.07"]
[Round "6"]
[White "Opaska, Ines"]
[Black "Schöttler, Katharina"]
[Result "1-0"]
[Termination "normal"]
[Board "35"]
[WhiteElo "990"]
[BlackElo "668"]
[PlyCount "63"]
[EventCountry "GER"]
[EventRounds "11"]
[EventType "swiss"]
[EventDate "2000.06.03"]

1. c4 e5 2. Nc3 Nc6 3. Nf3 g6 4. g3 Bg7 5. Bg2 d6 6. e3 Nf6 7. O-O O-O 8. Re1
h6 9. d4 exd4 10. exd4 d5 11. cxd5 Nxd5 12. a3 a5 13. Nd2 Be6 14. Nb3 Nxc3 15.
bxc3 Qc8 16. Nc5 Bh3 17. Qf3 Bxg2 18. Kxg2 Nd8 19. Ne4 f5 20. Nc5 g5 21. Qd5+
Kh7 22. Nd7 Rf7 23. Ne5 Bxe5 24. Qxe5 Qe6 25. Qxe6 Nxe6 26. Rxe6 c6 27. h4 Raf8
28. hxg5 hxg5 29. Bxg5 Rg8 30. Rh1+ Kg7 31. Bh6+ Kh7 32. Bf8# 1-0

[Event "DEM U12/U12w 2000"]
[Site "Überlingen GER"]
[Date "2000.06.07"]
[Round "6"]
[White "Tischer, Jana"]
[Black "Varbelow, Richard"]
[Result "0-1"]
[Termination "normal"]
[Board "36"]
[WhiteElo "749"]
[BlackElo "968"]
[PlyCount "64"]
[WhiteFideId "24617164"]
[EventCountry "GER"]
[EventRounds "11"]
[EventType "swiss"]
[EventDate "2000.06.03"]

1. e4 c6 2. d4 d5 3. exd5 cxd5 4. c4 e6 5. Nc3 Nf6 6. Nf3 Be7 7. c5 O-O 8. Bd3
Nc6 9. a3 a5 10. Bf4 b6 11. b4 axb4 12. axb4 Rxa1 13. Qxa1 Nxb4 14. Qb1 Nxd3+
15. Qxd3 bxc5 16. dxc5 Bxc5 17. O-O Qb6 18. Qc2 Bd7 19. Ne5 Ra8 20. Nxd7 Nxd7
21. Rb1 Qa7 22. Nb5 Qa2 23. Qxa2 Rxa2 24. Bg3 h6 25. h3 d4 26. Rd1 e5 27. Kh2
f6 28. f4 Bb6 29. Nd6 Rc2 30. Nf5 Bc7 31. h4 Kf7 32. Kh3 Rc4 0-1

[Event "DEM U12/U12w 2000"]
[Site "Überlingen GER"]
[Date "2000.06.07"]
[Round "6"]
[White "Stelter, Christoph"]
[Black "Kubernath, Max"]
[Result "0-1"]
[Termination "normal"]
[Board "37"]
[WhiteElo "959"]
[BlackElo "572"]
[PlyCount "100"]
[EventCountry "GER"]
[EventRounds "11"]
[EventType "swiss"]
[EventDate "2000.06.03"]

1. e4 e5 2. Nf3 Nc6 3. Bc4 Bc5 4. c3 Nf6 5. d4 exd4 6. cxd4 Bb4+ 7. Bd2 Bxd2+
8. Nbxd2 d5 9. exd5 Nxd5 10. O-O O-O 11. Re1 Bg4 12. h3 Bh5 13. Qc2 Bg6 14. Ne4
Re8 15. Re2 Ncb4 16. Qb1 a6 17. a3 b5 18. Bxd5 Nxd5 19. Qc2 Bxe4 20. Rxe4 Rxe4
21. Qxe4 Qd7 22. Re1 Rd8 23. Ne5 Qe6 24. Kf1 Re8 25. f3 f6 26. Nc6 Qxe4 27.
Rxe4 Rxe4 28. fxe4 Ne3+ 29. Kg1 Nc4 30. Nb8 a5 31. Na6 Nxb2 32. Nxc7 b4 33.
axb4 axb4 34. Kf1 Nc4 35. Nb5 Nd2+ 36. Ke2 Nxe4 37. Kd3 f5 38. Kc4 Kf7 39. Kxb4
Ke7 40. Kc4 Nd6+ 41. Kc5 Nxb5 42. Kxb5 Kd6 43. Kc4 g5 44. d5 h5 45. Kd4 h4 46.
Ke3 Kxd5 47. Kf3 Kd4 48. g3 hxg3 49. Kxg3 Ke4 50. Kf2 f4 0-1

[Event "DEM U12/U12w 2000"]
[Site "Überlingen GER"]
[Date "2000.06.07"]
[Round "6"]
[White "Tovmasian, Nelli"]
[Black "Butschek, Tanja"]
[Result "1-0"]
[Termination "normal"]
[Board "38"]
[WhiteElo "702"]
[BlackElo "932"]
[PlyCount "111"]
[WhiteFideId "24611735"]
[BlackFideId "24604640"]
[EventCountry "GER"]
[EventRounds "11"]
[EventType "swiss"]
[EventDate "2000.06.03"]

1. e4 e5 2. Nf3 Nc6 3. Bc4 Bc5 4. Nc3 Nf6 5. d3 d6 6. O-O Bg4 7. h3 Bh5 8. Bb5
h6 9. Be3 Bxe3 10. fxe3 O-O 11. Bxc6 bxc6 12. Qe1 d5 13. Nxe5 d4 14. Nxc6 Qd6
15. Nxd4 Rab8 16. b3 Bg6 17. Ndb5 Qc5 18. d4 Qb6 19. Qe2 Qc6 20. d5 Qc5 21. b4
Qxb4 22. Rab1 Qa5 23. Rb3 a6 24. Ra3 Qb4 25. Rb1 Qe7 26. Rxa6 Nxe4 27. Nxe4
Bxe4 28. Ra7 Bxd5 29. Rxc7 Qe4 30. a4 Rfc8 31. Rxc8+ Rxc8 32. Nd6 Rxc2 33. Nxe4
Rxe2 34. Rb8+ Kh7 35. Re8 Rxe3 36. Nf6+ Kg6 37. Rxe3 Kxf6 38. Kf1 Bc4+ 39. Ke1
Bd5 40. g4 Kg5 41. a5 Bb7 42. Re7 Bg2 43. a6 Bxh3 44. Kf2 Kf6 45. Re8 Bxg4 46.
a7 Bd7 47. Rd8 Bc6 48. Rd6+ Kg5 49. Rxc6 f6 50. a8=Q Kg6 51. Rc5 f5 52. Qe8+
Kh7 53. Rxf5 g6 54. Qf7+ Kh8 55. Qf8+ Kh7 56. Rf7# 1-0

[Event "DEM U12/U12w 2000"]
[Site "Überlingen GER"]
[Date "2000.06.07"]
[Round "6"]
[White "Kessler, Paul"]
[Black "Rath, Alina"]
[Result "1/2-1/2"]
[Termination "normal"]
[Board "40"]
[WhiteElo "654"]
[BlackElo "912"]
[PlyCount "76"]
[BlackFideId "24607886"]
[EventCountry "GER"]
[EventRounds "11"]
[EventType "swiss"]
[EventDate "2000.06.03"]

1. e4 c5 2. Nf3 d6 3. d4 cxd4 4. Nxd4 g6 5. Nc3 Bg7 6. Be3 Nf6 7. f3 Nc6 8. Qd2
Nxd4 9. Bxd4 a6 10. O-O-O b5 11. Nd5 O-O 12. Nxf6+ exf6 13. Bc5 Be6 14. Bxd6
Re8 15. Kb1 Qb6 16. Bf4 Rad8 17. Bd3 f5 18. Bh6 Bh8 19. Qe3 Qa5 20. a3 fxe4 21.
fxe4 Qc7 22. Bf4 Qb7 23. Be2 b4 24. Bf3 bxa3 25. Qxa3 Qb6 26. Rxd8 Rxd8 27. Rd1
Rxd1+ 28. Bxd1 Bg7 29. Kc1 Bf8 30. Be3 Qc6 31. Qd3 Qa4 32. Qc3 Qxe4 33. Bf3 Qa4
34. Bd4 a5 35. Bc6 Qa1+ 36. Kd2 Bg4 37. Ke3 Bh6+ 38. Kf2 Qc1 1/2-1/2

[Event "DEM U12/U12w 2000"]
[Site "Überlingen GER"]
[Date "2000.06.07"]
[Round "6"]
[White "Roj, Michaela"]
[Black "Janiesch, Maike"]
[Result "0-1"]
[Termination "normal"]
[Board "41"]
[WhiteElo "1028"]
[BlackElo "465"]
[PlyCount "62"]
[EventCountry "GER"]
[EventRounds "11"]
[EventType "swiss"]
[EventDate "2000.06.03"]

1. Nf3 Nf6 2. Nc3 Nc6 3. e4 e5 4. Bb5 Bc5 5. O-O a6 6. Bc4 d6 7. Be2 Be6 8. d3
h6 9. Bd2 O-O 10. Qc1 Bb4 11. Bxh6 Ng4 12. Bg5 f6 13. Bd2 Qe8 14. Nh4 Qh5 15.
Nf3 Nd4 16. h3 Nxf3+ 17. Bxf3 f5 18. a3 Bxc3 19. bxc3 fxe4 20. dxe4 Qg6 21. Rb1
Nh6 22. Rxb7 Bxh3 23. Rxc7 Rxf3 24. Bg5 Nf7 25. Rxf7 Rxf7 26. Rd1 Bd7 27. Rd5
Bc6 28. Rd1 Bxe4 29. Kf1 Raf8 30. Rd2 Qxg5 31. Ke1 Rxf2 0-1

[Event "DEM U12/U12w 2000"]
[Site "Überlingen GER"]
[Date "2000.06.07"]
[Round "6"]
[White "Popovic, Nathalie"]
[Black "Garzinsky, Dominik"]
[Result "1-0"]
[Termination "normal"]
[Board "42"]
[WhiteElo "745"]
[BlackElo "648"]
[PlyCount "113"]
[WhiteFideId "24630292"]
[EventCountry "GER"]
[EventRounds "11"]
[EventType "swiss"]
[EventDate "2000.06.03"]

1. d4 d5 2. c4 e6 3. Nc3 Bb4 4. Qa4+ Nc6 5. Nf3 Bxc3+ 6. bxc3 Bd7 7. Qc2 Nf6 8.
Bg5 h6 9. Bh4 O-O 10. e3 Na5 11. Nd2 g5 12. Bg3 Qe8 13. Bxc7 b6 14. Bd6 Ba4 15.
Qb2 Qc6 16. Bxf8 Kxf8 17. Be2 Kg8 18. O-O dxc4 19. Bf3 Nd5 20. Ne4 Qb5 21. Qxb5
Bxb5 22. Nf6+ Kg7 23. Nxd5 exd5 24. Bxd5 Rd8 25. Bf3 f5 26. g3 Bc6 27. Bxc6
Nxc6 28. Rfe1 Re8 29. Rab1 g4 30. Kg2 h5 31. h4 Kf6 32. f3 gxf3+ 33. Kxf3 Re4
34. Rbd1 Kg6 35. d5 Ne5+ 36. Kg2 Nd3 37. Re2 Kf6 38. Rf1 Re5 39. e4 Nc5 40.
Rxf5+ Rxf5 41. exf5 Kxf5 42. Kf3 Na4 43. d6 Nc5 44. a3 b5 45. Re1 a6 46. Rd1
Nd7 47. Re1 Nc5 48. Re7 Kf6 49. g4 hxg4+ 50. Kxg4 a5 51. h5 Ne6 52. Ra7 b4 53.
h6 bxc3 54. h7 c2 55. h8=Q+ Kg6 56. Qh5+ Kf6 57. Qf5# 1-0

[Event "DEM U12/U12w 2000"]
[Site "Überlingen GER"]
[Date "2000.06.07"]
[Round "6"]
[White "Laake, Jasmin"]
[Black "Bräutigam, Thorben"]
[Result "1-0"]
[Termination "normal"]
[Board "44"]
[WhiteElo "633"]
[BlackElo "1123"]
[PlyCount "133"]
[WhiteFideId "4699939"]
[EventCountry "GER"]
[EventRounds "11"]
[EventType "swiss"]
[EventDate "2000.06.03"]

1. e4 e5 2. Nf3 Nc6 3. Bb5 Bc5 4. O-O d6 5. c3 Bd7 6. d4 Bb6 7. Na3 Nge7 8. d5
Nb8 9. Bd3 O-O 10. Nc4 f5 11. Bg5 Qe8 12. Qc2 f4 13. Ncd2 h6 14. Bxe7 Qxe7 15.
b4 Bg4 16. h3 Bh5 17. Be2 Nd7 18. Nb3 Rf7 19. c4 Raf8 20. a4 a6 21. a5 Ba7 22.
Rfc1 Bg6 23. Bd3 Nf6 24. Re1 Bh5 25. Be2 Qd7 26. Bd1 Ng4 27. hxg4 Bxg4 28. c5
Bh3 29. gxh3 Qxh3 30. Nbd2 b6 31. Nf1 bxc5 32. bxc5 Bxc5 33. N1h2 Rf6 34. Kh1
Rg6 35. Rg1 Rff6 36. Qe2 Rxg1+ 37. Nxg1 Qh4 38. Ngf3 Qh5 39. Qxa6 Bxf2 40. Bb3
Bg3 41. Qc8+ Kh7 42. Qg4 Qe8 43. a6 Rf8 44. Nh4 g5 45. Nf5 Kg6 46. Nxg3 fxg3
47. Qxg3 Qb8 48. a7 Qb7 49. Bc4 Ra8 50. Qb3 Qc8 51. Ba6 Qd8 52. Bb7 Rb8 53.
axb8=Q Qxb8 54. Ra8 Qxa8 55. Bxa8 h5 56. Qh3 g4 57. Nxg4 Kg5 58. Ne3 Kf4 59.
Qxh5 Kxe3 60. Qf7 Kxe4 61. Qxc7 Kf5 62. Qxd6 e4 63. Qe6+ Kf4 64. d6 e3 65. d7
e2 66. Qxe2 Kg3 67. d8=Q 1-0

[Event "DEM U12/U12w 2000"]
[Site "Überlingen GER"]
[Date "2000.06.07"]
[Round "6"]
[White "Dietzen, Corinna"]
[Black "Kesten, Sebastian"]
[Result "0-1"]
[Termination "normal"]
[Board "45"]
[WhiteElo "385"]
[BlackElo "1047"]
[PlyCount "88"]
[WhiteFideId "24621021"]
[BlackFideId "24616214"]
[EventCountry "GER"]
[EventRounds "11"]
[EventType "swiss"]
[EventDate "2000.06.03"]

1. e4 c5 2. Bc4 d6 3. d3 g6 4. Nc3 Bg7 5. Nf3 Nc6 6. Ng5 e6 7. Rb1 Nf6 8. Bf4
O-O 9. Nb5 e5 10. Be3 Ng4 11. Nf3 Nxe3 12. fxe3 a6 13. Nc3 Qe7 14. Nd5 Qd8 15.
O-O Na5 16. a3 Nxc4 17. dxc4 b5 18. cxb5 axb5 19. h3 Bb7 20. c3 Bh6 21. Qe2 f5
22. Rbd1 fxe4 23. Nxe5 Bxd5 24. Rxd5 Qg5 25. Rxf8+ Rxf8 26. Nd7 Qxd5 27. Nxf8
Kxf8 28. Qf2+ Qf7 29. Qe2 Kg8 30. Qf2 Qxf2+ 31. Kxf2 Kf7 32. b3 Ke6 33. a4 bxa4
34. bxa4 Kd5 35. Ke2 Kc6 36. Kd2 Kb6 37. Kc2 Bxe3 38. c4 Bd4 39. Kb3 e3 40. Kc2
Ka5 41. Kb3 e2 42. Ka3 e1=Q 43. Kb3 Qc3+ 44. Ka2 Qb2# 0-1

[Event "DEM U12/U12w 2000"]
[Site "Überlingen GER"]
[Date "2000.06.07"]
[Round "6"]
[White "Bodenschatz, Monique"]
[Black "Mader, Michael"]
[Result "0-1"]
[Termination "normal"]
[Board "46"]
[WhiteElo "350"]
[BlackElo "949"]
[PlyCount "56"]
[BlackFideId "4696913"]
[EventCountry "GER"]
[EventRounds "11"]
[EventType "swiss"]
[EventDate "2000.06.03"]

1. d4 Nf6 2. c4 g6 3. Nc3 Bg7 4. Bg5 O-O 5. e4 d6 6. Be2 c5 7. d5 e6 8. Nf3 Qa5
9. O-O Qd8 10. b3 Re8 11. Nb5 Qd7 12. Bf4 Nxe4 13. Rc1 a6 14. Na3 Bb2 15. Rc2
Bxa3 16. Bh6 Bb4 17. Qa1 Bc3 18. Rxc3 Nxc3 19. Qxc3 e5 20. Ng5 Qf5 21. Bd3 Qf6
22. f4 Nd7 23. fxe5 Qxe5 24. Qxe5 Nxe5 25. Re1 Bd7 26. Bc2 Ng4 27. Rxe8+ Rxe8
28. Nxh7 Re1# 0-1

[Event "DEM U12/U12w 2000"]
[Site "Überlingen GER"]
[Date "2000.06.07"]
[Round "6"]
[White "Reichel, Matti"]
[Black "Scholz, Katharina"]
[Result "1-0"]
[Termination "normal"]
[Board "47"]
[WhiteElo "921"]
[BlackElo "750"]
[PlyCount "29"]
[EventCountry "GER"]
[EventRounds "11"]
[EventType "swiss"]
[EventDate "2000.06.03"]

1. e4 e5 2. Nf3 Nc6 3. Bc4 Bc5 4. d3 Nf6 5. Bg5 h6 6. Bh4 d6 7. Nc3 Bg4 8. Qd2
Bxf3 9. gxf3 Nd4 10. Qd1 Qe7 11. Nd5 Qd8 12. c3 Nc6 13. Qd2 a6 14. Rg1 g5 15.
Bg3 1-0